[Event "ODEM U25B 2013"]
[Site "Oberhof GER"]
[Date "2013.05.24"]
[Round "8"]
[White "Preißler, Niklas"]
[Black "Schilay, Lorenz"]
[Result "1/2-1/2"]
[Termination "normal"]
[Board "1"]
[WhiteElo "1746"]
[BlackElo "1543"]
[PlyCount "70"]
[WhiteFideId "12927554"]
[BlackFideId "12930180"]
[EventCountry "GER"]
[EventRounds "9"]
[EventType "swiss"]
[EventDate "2013.05.18"]

1. d4 d5 2. Nf3 e6 3. Bf4 f5 4. e3 Nf6 5. c4 c6 6. Nc3 Be7 7. Bd3 O-O 8. O-O
Ne4 9. Qb3 h6 10. cxd5 exd5 11. Nxe4 fxe4 12. Bxe4 Nd7 13. Bd3 Qb6 14. Qxb6
Nxb6 15. a4 Bf5 16. Bxf5 Rxf5 17. b3 a5 18. Ne5 Bd6 19. Nd3 Be7 20. f3 Raf8 21.
Bc7 Bd8 22. Bxd8 Rxd8 23. Nc5 Rf7 24. Rad1 Kh7 25. e4 Re7 26. e5 g5 27. f4 gxf4
28. Rxf4 Rg8 29. Rdf1 Rgg7 30. Rf8 Nd7 31. Nxd7 Rxd7 32. R8f6 Rde7 33. R1f3 c5
34. Rd6 cxd4 35. Rxd5 Rg5 1/2-1/2

[Event "ODEM U25B 2013"]
[Site "Oberhof GER"]
[Date "2013.05.24"]
[Round "8"]
[White "Reimann, Matthias"]
[Black "Gheng, Christian"]
[Result "0-1"]
[Termination "normal"]
[Board "2"]
[WhiteElo "1626"]
[BlackElo "1696"]
[PlyCount "72"]
[WhiteFideId "12928046"]
[BlackFideId "24660345"]
[EventCountry "GER"]
[EventRounds "9"]
[EventType "swiss"]
[EventDate "2013.05.18"]

1. c4 g6 2. Nc3 Bg7 3. d4 e6 4. Nf3 d6 5. g3 b6 6. Bg2 Bb7 7. O-O Ne7 8. Bf4
Nd7 9. e4 e5 10. dxe5 dxe5 11. Be3 O-O 12. Nd5 f5 13. Ng5 Nxd5 14. cxd5 Qe7 15.
Ne6 Rf7 16. Nxc7 f4 17. Bd2 Rc8 18. Ne6 Nf8 19. Bh3 Rc4 20. Re1 fxg3 21. hxg3
Bc8 22. Bg5 Bf6 23. d6 Qe8 24. Nc7 Rcxc7 25. dxc7 Bxg5 26. Bxc8 Qxc8 27. Qd6
Qxc7 28. Qxc7 Rxc7 29. Red1 Ne6 30. Rd5 Nd4 31. Kg2 Bf6 32. Rd1 Kf7 33. Rd2 Ke6
34. f4 Rc2 35. Rxc2 Nxc2 36. Rd3 Ne1+ 0-1

[Event "ODEM U25B 2013"]
[Site "Oberhof GER"]
[Date "2013.05.24"]
[Round "8"]
[White "Arnold, Leander"]
[Black "Morio, Estelle"]
[Result "1/2-1/2"]
[Termination "normal"]
[Board "3"]
[WhiteElo "1435"]
[BlackElo "1322"]
[PlyCount "51"]
[WhiteFideId "12990230"]
[BlackFideId "12951951"]
[EventCountry "GER"]
[EventRounds "9"]
[EventType "swiss"]
[EventDate "2013.05.18"]

1. d4 Nf6 2. Nd2 e6 3. e3 b6 4. Ngf3 Bb7 5. Bd3 Be7 6. c3 O-O 7. O-O d5 8. Re1
c5 9. Bb1 Nbd7 10. Nf1 Qc7 11. Ng3 Rfd8 12. Nd2 Rac8 13. e4 dxe4 14. Ndxe4 cxd4
15. Qxd4 Ne5 16. Qe3 Qc6 17. Nxf6+ Bxf6 18. Be4 Qc7 19. Nh5 Nd7 20. Qf3 Bxe4
21. Qxe4 Qe5 22. Nxf6+ Qxf6 23. Be3 Nc5 24. Bxc5 Rxc5 25. Rad1 Rc7 26. h3
1/2-1/2

[Event "ODEM U25B 2013"]
[Site "Oberhof GER"]
[Date "2013.05.24"]
[Round "8"]
[White "Pixa, Ulrich"]
[Black "Sherif, Malik"]
[Result "1-0"]
[Termination "normal"]
[Board "4"]
[WhiteElo "1518"]
[BlackElo "1440"]
[PlyCount "81"]
[WhiteFideId "4697723"]
[BlackFideId "12911755"]
[EventCountry "GER"]
[EventRounds "9"]
[EventType "swiss"]
[EventDate "2013.05.18"]

1. e4 e5 2. Nf3 Nc6 3. Bc4 Nf6 4. Ng5 d5 5. exd5 Na5 6. Bb5+ Bd7 7. Qe2 Bd6 8.
Nc3 a6 9. Bxd7+ Nxd7 10. d4 O-O 11. dxe5 Bxe5 12. Qd3 Bxc3+ 13. Qxc3 Re8+ 14.
Kf1 c5 15. Qd3 Nf6 16. c4 b6 17. g3 Nc6 18. b3 Ne5 19. Qc3 Ra7 20. Kg2 Rae7 21.
Bb2 Qd7 22. Rhe1 Qf5 23. f4 Neg4 24. Rxe7 Rxe7 25. h3 Re2+ 26. Kf1 Rf2+ 27. Kg1
Qg6 28. hxg4 Nxg4 29. Nf3 Qh6 30. Nh4 f6 31. d6 Rh2 32. d7 Rxh4 33. d8=Q+ Kf7
34. gxh4 Qxh4 35. Qd7+ Kf8 36. Qf3 Qh2+ 37. Kf1 Ne3+ 38. Qxe3 Qh1+ 39. Ke2 Qg2+
40. Kd3 Qg6+ 41. f5 1-0

[Event "ODEM U25B 2013"]
[Site "Oberhof GER"]
[Date "2013.05.24"]
[Round "8"]
[White "Rose, Luis Stratos"]
[Black "Gose, Paul-Lukas"]
[Result "1/2-1/2"]
[Termination "normal"]
[Board "5"]
[WhiteElo "1380"]
[BlackElo "1475"]
[PlyCount "49"]
[WhiteFideId "12976008"]
[BlackFideId "34688994"]
[EventCountry "GER"]
[EventRounds "9"]
[EventType "swiss"]
[EventDate "2013.05.18"]

1. Nf3 c5 2. c4 Nc6 3. b3 e6 4. Bb2 Nf6 5. e3 d5 6. d4 cxd4 7. Nxd4 Bb4+ 8. Bc3
Bxc3+ 9. Nxc3 Qa5 10. Qd2 O-O 11. Nxc6 bxc6 12. Ne4 Qxd2+ 13. Nxd2 Ba6 14. Be2
Rfc8 15. O-O Rc7 16. Rac1 Rac8 17. Rfd1 e5 18. Nf3 e4 19. Nd4 g6 20. cxd5 Bxe2
21. Nxe2 cxd5 22. Rxc7 Rxc7 23. Rc1 Rxc1+ 24. Nxc1 Nd7 25. b4 1/2-1/2

[Event "ODEM U25B 2013"]
[Site "Oberhof GER"]
[Date "2013.05.24"]
[Round "8"]
[White "Dittrich, Tom"]
[Black "Usczeck, Alina"]
[Result "1/2-1/2"]
[Termination "normal"]
[Board "6"]
[WhiteElo "1648"]
[BlackElo "1380"]
[PlyCount "92"]
[WhiteFideId "12923532"]
[BlackFideId "12938114"]
[EventCountry "GER"]
[EventRounds "9"]
[EventType "swiss"]
[EventDate "2013.05.18"]

1. e4 c6 2. d4 d5 3. exd5 cxd5 4. Bd3 Nc6 5. c3 g6 6. Bf4 Bg7 7. Nf3 f6 8. Bg3
Nh6 9. O-O Nf7 10. Re1 O-O 11. Bb5 Bd7 12. Ba4 Na5 13. Bxd7 Qxd7 14. Nbd2 Rfe8
15. Nb3 Nxb3 16. Qxb3 e5 17. dxe5 fxe5 18. Rad1 d4 19. Nxe5 Bxe5 20. Rxe5 Rxe5
21. Bxe5 d3 22. Bd4 Qe7 23. Qc4 d2 24. Qf1 Re8 25. Rxd2 Qe1 26. Rd1 Qe6 27. a3
b6 28. Be3 Qb3 29. Qe2 Kg7 30. Rf1 Nd6 31. Qd3 Nf7 32. h3 Qxb2 33. Qd4+ Kg8 34.
Qb4 Qe2 35. Qa4 Re7 36. Qf4 Re8 37. Qf6 Qh5 38. Qc6 Rd8 39. Qc7 Qa5 40. Bc1 Qa4
41. Qf4 Qxf4 42. Bxf4 Rd3 43. Rc1 Nd6 44. c4 Rd4 45. Bxd6 Rxd6 46. c5 Rc6
1/2-1/2

[Event "ODEM U25B 2013"]
[Site "Oberhof GER"]
[Date "2013.05.24"]
[Round "8"]
[White "Hesse, Henrik"]
[Black "Schrader, Alia"]
[Result "1-0"]
[Termination "normal"]
[Board "8"]
[WhiteElo "1701"]
[BlackElo "1311"]
[PlyCount "91"]
[WhiteFideId "12952060"]
[BlackFideId "16270312"]
[EventCountry "GER"]
[EventRounds "9"]
[EventType "swiss"]
[EventDate "2013.05.18"]

1. e4 c5 2. Nf3 Nc6 3. d4 cxd4 4. Nxd4 g6 5. Nc3 Bg7 6. Be3 Nf6 7. Be2 O-O 8.
O-O d5 9. Nxc6 bxc6 10. Bf3 Bb7 11. Rb1 e5 12. Bg5 Qd7 13. Bxf6 Bxf6 14. exd5
cxd5 15. Bxd5 Rad8 16. Bxb7 Qxb7 17. Qe2 Rfe8 18. Rfd1 Rxd1+ 19. Qxd1 Rd8 20.
Qf3 Qa6 21. Rd1 Rxd1+ 22. Qxd1 e4 23. Nxe4 Bxb2 24. Qb1 Qe2 25. Ng3 Qe5 26. Qd1
Ba3 27. Qf1 Qb2 28. Qc4 Qb1+ 29. Nf1 Bb4 30. Qb3 Qxb3 31. cxb3 a5 32. Ne3 Kg7
33. Kf1 Kf6 34. Nd5+ Ke5 35. Nxb4 axb4 36. Ke2 Kd4 37. Kd2 h6 38. Kc2 f5 39.
Kb2 Kc5 40. a3 bxa3+ 41. Kxa3 Kb5 42. b4 g5 43. Kb3 h5 44. Kc3 h4 45. Kd4 h3
46. g3 1-0

[Event "ODEM U25B 2013"]
[Site "Oberhof GER"]
[Date "2013.05.24"]
[Round "8"]
[White "Granzin, David"]
[Black "Finkous, Robert"]
[Result "0-1"]
[Termination "normal"]
[Board "9"]
[WhiteElo "1391"]
[BlackElo "1481"]
[PlyCount "74"]
[WhiteFideId "12922145"]
[BlackFideId "12979490"]
[EventCountry "GER"]
[EventRounds "9"]
[EventType "swiss"]
[EventDate "2013.05.18"]

1. Nf3 d5 2. d4 e6 3. c4 Nf6 4. e3 c5 5. Nc3 dxc4 6. Bxc4 cxd4 7. Qxd4 Qxd4 8.
Nxd4 Bb4 9. O-O Bxc3 10. bxc3 O-O 11. Ba3 Rd8 12. Nb5 Nc6 13. Rfd1 Bd7 14. Nd4
Ne5 15. Be2 Nd5 16. Rdc1 Rac8 17. Bb4 Nc4 18. Bxc4 Rxc4 19. a3 Rdc8 20. Ne2 b6
21. h3 a5 22. Bd6 Nxc3 23. Rxc3 Rxc3 24. Nxc3 Rxc3 25. Be5 Rc8 26. Rb1 b5 27.
Rd1 Be8 28. Rd4 f6 29. Bd6 e5 30. Rd5 Kf7 31. a4 Ke6 32. Rd2 Rd8 33. Bb4 Rxd2
34. Bxd2 b4 35. Kf1 Kd5 36. Ke2 Kc4 37. Bc1 Kc3 0-1

[Event "ODEM U25B 2013"]
[Site "Oberhof GER"]
[Date "2013.05.24"]
[Round "8"]
[White "Lang, Thomas"]
[Black "Frohnhäuser, Simon"]
[Result "1-0"]
[Termination "normal"]
[Board "10"]
[WhiteElo "1210"]
[BlackElo "1418"]
[PlyCount "37"]
[WhiteFideId "12982520"]
[BlackFideId "16208528"]
[EventCountry "GER"]
[EventRounds "9"]
[EventType "swiss"]
[EventDate "2013.05.18"]

1. e4 c5 2. b4 cxb4 3. a3 d6 4. axb4 Nf6 5. Nc3 e6 6. d4 Be7 7. Nf3 a6 8. Bd3
Qc7 9. Bd2 Nbd7 10. O-O O-O 11. Ne2 Rb8 12. Ng3 b5 13. Qc1 Bb7 14. h3 Nb6 15.
Bh6 Nc4 16. Qg5 Nh5 17. Qxh5 gxh6 18. Qxh6 e5 19. Nh5 1-0

[Event "ODEM U25B 2013"]
[Site "Oberhof GER"]
[Date "2013.05.24"]
[Round "8"]
[White "Vinogradov, Anatoli"]
[Black "Hausdorf, Lars"]
[Result "1-0"]
[Termination "normal"]
[Board "11"]
[WhiteElo "1410"]
[BlackElo "1348"]
[PlyCount "47"]
[WhiteFideId "12977802"]
[BlackFideId "16200390"]
[EventCountry "GER"]
[EventRounds "9"]
[EventType "swiss"]
[EventDate "2013.05.18"]

1. d4 d5 2. c4 e6 3. Nc3 Nf6 4. Bg5 Bb4 5. e3 O-O 6. Nf3 Nbd7 7. Rc1 c6 8. Bd3
Qa5 9. a3 Bxc3+ 10. Rxc3 h6 11. b4 Qd8 12. Bh4 Qe7 13. Ne5 Qd6 14. Bg3 Qe7 15.
c5 Kh8 16. b5 Nxe5 17. Bxe5 Ne8 18. bxc6 bxc6 19. Qa4 Bb7 20. Rb3 f6 21. Bg3 a6
22. O-O Rg8 23. Rfb1 Ra7 24. Bb8 1-0

[Event "ODEM U25B 2013"]
[Site "Oberhof GER"]
[Date "2013.05.24"]
[Round "8"]
[White "Thumm, Niklas"]
[Black "Rank, Thomas"]
[Result "0-1"]
[Termination "normal"]
[Board "12"]
[WhiteElo "1330"]
[BlackElo "1407"]
[PlyCount "76"]
[WhiteFideId "12918733"]
[BlackFideId "12967351"]
[EventCountry "GER"]
[EventRounds "9"]
[EventType "swiss"]
[EventDate "2013.05.18"]

1. e4 c5 2. f4 g6 3. Nf3 Bg7 4. Nc3 e6 5. Bc4 Ne7 6. d3 Nbc6 7. a3 O-O 8. O-O
d5 9. Ba2 Nd4 10. Ne2 Nxf3+ 11. Rxf3 b6 12. Qe1 Bb7 13. Re3 dxe4 14. dxe4 Nc6
15. c3 Qe7 16. Rh3 Rfd8 17. Be3 Rd7 18. f5 exf5 19. exf5 Rad8 20. fxg6 hxg6 21.
Rc1 Ne5 22. Nf4 Nd3 23. Nxd3 Rxd3 24. Bc4 Qe4 25. Bxf7+ Kxf7 26. Qf2+ Kg8 27.
Qe2 Rd2 28. Qf3 Qxf3 29. gxf3 Rxb2 30. Rg3 Kf7 31. c4 Rd3 32. Bg5 Rxf3 33. Rg4
Bd4+ 34. Rxd4 cxd4 35. Re1 Ba8 36. Re7+ Kf8 37. Rd7 Rd3 38. Be7+ Ke8 0-1

[Event "ODEM U25B 2013"]
[Site "Oberhof GER"]
[Date "2013.05.24"]
[Round "8"]
[White "Wagner, Swenja"]
[Black "Hinrichs, Niklas"]
[Result "1/2-1/2"]
[Termination "normal"]
[Board "13"]
[WhiteElo "1248"]
[BlackElo "1373"]
[PlyCount "48"]
[WhiteFideId "12900494"]
[BlackFideId "12942499"]
[EventCountry "GER"]
[EventRounds "9"]
[EventType "swiss"]
[EventDate "2013.05.18"]

1. e4 e5 2. Nc3 Bc5 3. Bc4 d6 4. d3 Nc6 5. Nge2 Be6 6. Bb3 Nge7 7. f4 a6 8. Nd5
Bxd5 9. Bxd5 Nxd5 10. exd5 Ne7 11. c4 O-O 12. fxe5 dxe5 13. Bd2 Qd6 14. Ng3 f5
15. Qc2 c6 16. dxc6 bxc6 17. Bc3 Ng6 18. O-O-O Rad8 19. Ne2 Qf6 20. Kb1 Rf7 21.
Rhf1 Rfd7 22. g3 Qe6 23. Nc1 Bd4 24. Ba5 Rf8 1/2-1/2

[Event "ODEM U25B 2013"]
[Site "Oberhof GER"]
[Date "2013.05.24"]
[Round "8"]
[White "Steiner, Maximilian"]
[Black "Silber, Kevin"]
[Result "1/2-1/2"]
[Termination "normal"]
[Board "14"]
[WhiteElo "1195"]
[BlackElo "1542"]
[PlyCount "131"]
[WhiteFideId "16202201"]
[BlackFideId "12930440"]
[EventCountry "GER"]
[EventRounds "9"]
[EventType "swiss"]
[EventDate "2013.05.18"]

1. e4 c6 2. d4 d5 3. e5 c5 4. c3 Nc6 5. Nf3 Bg4 6. Be2 e6 7. O-O Qb6 8. dxc5
Bxc5 9. Qa4 Bxf3 10. Bxf3 Nge7 11. Nd2 O-O 12. Nb3 Nxe5 13. Be2 Bd6 14. Be3 Qc7
15. f4 N5c6 16. Nd4 Nxd4 17. cxd4 Nf5 18. Bd2 Nxd4 19. Bd3 Qb6 20. Kh1 Nc6 21.
Rab1 Rfc8 22. Qd1 Bf8 23. Qh5 g6 24. Qh4 Qd8 25. Qg3 Bg7 26. Qf3 Qe7 27. Rbe1
Rc7 28. g4 Rd8 29. Qh3 Qf8 30. f5 gxf5 31. gxf5 Ne7 32. f6 Ng6 33. fxg7 Qxg7
34. Rg1 Rc6 35. Qg3 f5 36. Qg5 Rdc8 37. h4 R8c7 38. Bc3 Rxc3 39. bxc3 Rxc3 40.
Bxf5 exf5 41. Qxf5 Qf7 42. Qxf7+ Kxf7 43. Ref1+ Ke6 44. Rg4 Rh3+ 45. Kg2 Rxh4
46. Rxh4 Nxh4+ 47. Kf2 Nf5 48. Re1+ Kd6 49. Ke2 d4 50. Kd3 Kd5 51. Rf1 Ke6 52.
Re1+ Kd5 53. Rf1 Ke6 54. Re1+ Kd5 55. Rf1 Ke5 56. Re1+ Kf4 57. Rf1+ Kg4 58.
Rg1+ Ng3 59. Kxd4 Kf4 60. Re1 h5 61. Kd3 h4 62. Re7 h3 63. Rxb7 h2 64. Rh7 h1=Q
65. Rxh1 Nxh1 66. Kc4 1/2-1/2

[Event "ODEM U25B 2013"]
[Site "Oberhof GER"]
[Date "2013.05.24"]
[Round "8"]
[White "Schramm, Anna-Lena"]
[Black "Schilay, Eva"]
[Result "1-0"]
[Termination "normal"]
[Board "15"]
[WhiteElo "1420"]
[BlackElo "1223"]
[PlyCount "55"]
[WhiteFideId "12918237"]
[BlackFideId "12930164"]
[EventCountry "GER"]
[EventRounds "9"]
[EventType "swiss"]
[EventDate "2013.05.18"]

1. e4 d5 2. exd5 Qxd5 3. Nc3 Qa5 4. Nf3 Bg4 5. Bc4 e6 6. O-O Bd6 7. d4 c6 8.
Ne4 Be7 9. Qd3 Nd7 10. Bf4 Ngf6 11. Nd6+ Bxd6 12. Bxd6 Bf5 13. Qb3 Qb6 14. c3
Qxb3 15. axb3 Ne4 16. Bf4 O-O 17. Nh4 Rfe8 18. f3 Nef6 19. Nxf5 exf5 20. Bd3
Nd5 21. Bd6 Re6 22. Ba3 f4 23. Bf5 Ree8 24. Bxd7 Red8 25. Bh3 Ne3 26. Rf2 Re8
27. Re1 b6 28. Bd7 1-0

[Event "ODEM U25B 2013"]
[Site "Oberhof GER"]
[Date "2013.05.24"]
[Round "8"]
[White "Schenk, Philipp"]
[Black "Hagenbeck-Hübert, Lara"]
[Result "0-1"]
[Termination "normal"]
[Board "16"]
[WhiteElo "1213"]
[BlackElo "1338"]
[PlyCount "62"]
[BlackFideId "12964484"]
[EventCountry "GER"]
[EventRounds "9"]
[EventType "swiss"]
[EventDate "2013.05.18"]

1. e4 e5 2. Nf3 Nc6 3. d4 exd4 4. Nxd4 Nf6 5. Nxc6 bxc6 6. e5 Nd5 7. c4 Nb6 8.
Be2 d5 9. exd6 cxd6 10. b3 Qf6 11. Bf3 Bd7 12. Qe2+ Be7 13. Bb2 Qg6 14. Nd2 O-O
15. O-O Rfe8 16. Be4 f5 17. Bf3 Bf6 18. Qd3 Bxb2 19. Rad1 Be5 20. c5 dxc5 21.
Nc4 Bd4 22. Nxb6 axb6 23. Qc2 Rac8 24. Qc4+ Be6 25. Qa6 Bd5 26. Bxd5+ cxd5 27.
Qb7 Qc6 28. Qxc6 Rxc6 29. g3 Re2 30. a3 b5 31. b4 Re5 0-1

[Event "ODEM U25B 2013"]
[Site "Oberhof GER"]
[Date "2013.05.24"]
[Round "8"]
[White "Berg, Robert"]
[Black "Walter, Daniel"]
[Result "0-1"]
[Termination "normal"]
[Board "17"]
[WhiteElo "1174"]
[BlackElo "1338"]
[PlyCount "116"]
[BlackFideId "12983110"]
[EventCountry "GER"]
[EventRounds "9"]
[EventType "swiss"]
[EventDate "2013.05.18"]

1. d4 d5 2. Nf3 Nf6 3. e3 g6 4. Bd3 Bg7 5. Nbd2 Bf5 6. Qe2 c5 7. c4 e6 8. O-O
O-O 9. e4 dxe4 10. Nxe4 Nxe4 11. Bxe4 Bxe4 12. Qxe4 cxd4 13. Qxb7 Nd7 14. Qe4
e5 15. Bg5 f6 16. Bd2 f5 17. Qd5+ Kh8 18. Bg5 Qc7 19. Be7 Nb6 20. Qe6 Rfe8 21.
c5 Qxc5 22. Bxc5 Rxe6 23. Rfe1 Rae8 24. Ng5 Rc6 25. Bxd4 e4 26. Bxg7+ Kxg7 27.
Re3 h6 28. Nh3 g5 29. Rd1 Rc2 30. Rc3 Rxc3 31. bxc3 Rc8 32. Rc1 Nd5 33. c4 Kf6
34. g3 Ke5 35. c5 Nb4 36. f4+ gxf4 37. gxf4+ Kd5 38. Rd1+ Kc6 39. Kf2 Kb5 40.
Rb1 Ka4 41. Rc1 Nd3+ 42. Ke3 Nxc1 43. Kd4 Nxa2 44. Kd5 Kb5 45. Ke5 Rxc5+ 46.
Kf6 Rc2 47. Kg6 Rxh2 48. Kxf5 Rxh3 49. Kg6 e3 50. f5 e2 51. f6 e1=Q 52. f7 Rf3
53. Kh7 Rxf7+ 54. Kg6 Qf2 55. Kh5 Rf5+ 56. Kg6 Rg5+ 57. Kh7 Qf7+ 58. Kxh6 Qg7#
0-1

[Event "ODEM U25B 2013"]
[Site "Oberhof GER"]
[Date "2013.05.24"]
[Round "8"]
[White "Wiemann, Daniel"]
[Black "Stockter, Jasper Enno"]
[Result "1/2-1/2"]
[Termination "normal"]
[Board "18"]
[WhiteElo "1457"]
[BlackElo "1239"]
[PlyCount "62"]
[WhiteFideId "12942944"]
[BlackFideId "12957291"]
[EventCountry "GER"]
[EventRounds "9"]
[EventType "swiss"]
[EventDate "2013.05.18"]

1. e4 e6 2. d4 d5 3. exd5 exd5 4. Bd3 Bd6 5. Nc3 c6 6. Nge2 Qc7 7. g3 Ne7 8.
Be3 Bf5 9. Bf4 Bxd3 10. Qxd3 Nd7 11. b4 Nb6 12. b5 Nc4 13. O-O O-O 14. a4 Ng6
15. Bxd6 Qxd6 16. bxc6 bxc6 17. Rfe1 Rfe8 18. Nb1 Qd7 19. Na3 Nxa3 20. Qxa3 Qg4
21. f3 Qe6 22. Kf2 Qh3 23. Kg1 Qf5 24. Qc3 Re6 25. g4 Qg5 26. Ng3 Rae8 27. Nf5
Rxe1+ 28. Rxe1 Rxe1+ 29. Qxe1 Qd8 30. Qc3 Qd7 31. Qb4 h6 1/2-1/2

[Event "ODEM U25B 2013"]
[Site "Oberhof GER"]
[Date "2013.05.24"]
[Round "8"]
[White "Dathe, Frederick"]
[Black "Grund, Melanie"]
[Result "1/2-1/2"]
[Termination "normal"]
[Board "19"]
[WhiteElo "1233"]
[BlackElo "1186"]
[PlyCount "137"]
[WhiteFideId "12963070"]
[BlackFideId "12988804"]
[EventCountry "GER"]
[EventRounds "9"]
[EventType "swiss"]
[EventDate "2013.05.18"]

1. d4 d5 2. c4 c6 3. Nc3 e6 4. Nf3 Bd6 5. Bg5 f6 6. Bh4 g5 7. Bg3 Qc7 8. Bxd6
Qxd6 9. e3 Nd7 10. cxd5 exd5 11. Bd3 Ne7 12. Rc1 b6 13. Nd2 f5 14. Qe2 O-O 15.
O-O Ng6 16. Qh5 Qf6 17. Nf3 g4 18. Ng5 Qe7 19. h3 Nf6 20. Qh6 Qg7 21. Qxg7+
Kxg7 22. hxg4 Nxg4 23. Ne2 h6 24. Nf3 Bb7 25. Ng3 f4 26. Nh5+ Kf7 27. Bxg6+
Kxg6 28. Nxf4+ Kh7 29. Nxd5 cxd5 30. Rc7+ Kg8 31. Rxb7 Rfc8 32. Nh2 Nxh2 33.
Kxh2 Rc2 34. Rd7 Rxb2 35. Rxd5 Rxa2 36. f4 Re2 37. Re5 a5 38. f5 a4 39. f6 a3
40. f7+ Kf8 41. d5 Rd2 42. e4 b5 43. d6 Rxd6 44. Rxb5 a2 45. Re5 Rd7 46. Re8+
Rxe8 47. fxe8=Q+ Kxe8 48. Ra1 Rd2 49. Kg3 Kf7 50. Kf3 Kf6 51. g3 Ke5 52. Ke3
Rb2 53. Kf3 h5 54. Ke3 Rb3+ 55. Kf2 Ra3 56. Kg2 Kxe4 57. Kh3 Kd3 58. Kh4 Kc2
59. Kxh5 Kb2 60. Rxa2+ Rxa2 61. g4 Ra5+ 62. g5 Kc3 63. Kh6 Ra1 64. g6 Rh1+ 65.
Kg7 Kd4 66. Kf7 Rf1+ 67. Ke7 Re1+ 68. Kf7 Rf1+ 69. Ke7 1/2-1/2

[Event "ODEM U25B 2013"]
[Site "Oberhof GER"]
[Date "2013.05.24"]
[Round "8"]
[White "Fischer, Elias"]
[Black "Bergauz, Igal"]
[Result "1/2-1/2"]
[Termination "normal"]
[Board "20"]
[WhiteElo "1452"]
[BlackElo "1184"]
[PlyCount "41"]
[WhiteFideId "12963305"]
[BlackFideId "12977284"]
[EventCountry "GER"]
[EventRounds "9"]
[EventType "swiss"]
[EventDate "2013.05.18"]

1. Nf3 d6 2. g3 g6 3. Bg2 Bg7 4. O-O e5 5. d3 Ne7 6. Nbd2 O-O 7. c3 h6 8. e4 c5
9. Nb3 Nbc6 10. Be3 g5 11. Qd2 f5 12. exf5 Nxf5 13. d4 c4 14. Nc1 e4 15. Ne1 d5
16. b3 b5 17. a4 Ba6 18. bxc4 bxc4 19. Nc2 Rb8 20. Na2 Na5 21. Qd1 1/2-1/2

[Event "ODEM U25B 2013"]
[Site "Oberhof GER"]
[Date "2013.05.24"]
[Round "8"]
[White "Eichstaedt, Ina"]
[Black "Reyher, Susan"]
[Result "0-1"]
[Termination "normal"]
[Board "21"]
[WhiteElo "1224"]
[BlackElo "1382"]
[PlyCount "90"]
[WhiteFideId "1270265"]
[BlackFideId "24686107"]
[EventCountry "GER"]
[EventRounds "9"]
[EventType "swiss"]
[EventDate "2013.05.18"]

1. d4 d5 2. c4 dxc4 3. e3 Nf6 4. Bxc4 e6 5. Nf3 a6 6. a3 c5 7. Nc3 Nc6 8. O-O
b5 9. Ba2 Bb7 10. Re1 Be7 11. dxc5 Qxd1 12. Rxd1 Bxc5 13. b4 Ba7 14. Bb2 Ke7
15. Kf1 Rhd8 16. h3 Rac8 17. Ke2 Bb8 18. Rxd8 Rxd8 19. Rd1 Ne5 20. Nxe5 Bxe5
21. f3 Ra8 22. Rb1 Bc6 23. Nd1 Bxb2 24. Nxb2 a5 25. Bb3 axb4 26. axb4 Ra3 27.
Nd3 Nd5 28. Kd2 f5 29. g4 Nf6 30. Ne5 Bd5 31. Bxd5 Nxd5 32. Nd3 Ra2+ 33. Rb2
Rxb2+ 34. Nxb2 Nxb4 35. Nd3 Nxd3 36. Kxd3 Kd6 37. Kc3 Kc5 38. Kb3 g6 39. gxf5
gxf5 40. h4 h5 41. Kc3 e5 42. Kb3 f4 43. e4 Kd4 44. Kb4 Ke3 45. Kxb5 Kxf3 0-1

[Event "ODEM U25B 2013"]
[Site "Oberhof GER"]
[Date "2013.05.24"]
[Round "8"]
[White "Schmidt, Alexandra"]
[Black "Grünwald, Max"]
[Result "1/2-1/2"]
[Termination "normal"]
[Board "22"]
[WhiteElo "1512"]
[BlackElo "1118"]
[PlyCount "58"]
[WhiteFideId "12946036"]
[BlackFideId "12992283"]
[EventCountry "GER"]
[EventRounds "9"]
[EventType "swiss"]
[EventDate "2013.05.18"]

1. e4 d5 2. exd5 Qxd5 3. Nc3 Qa5 4. d4 Nf6 5. Nf3 Bg4 6. h3 Bd7 7. Bc4 Nc6 8.
Bd2 Qh5 9. Ne2 Bg4 10. Ng3 Bxf3 11. gxf3 Qh4 12. Nf5 Qh5 13. Ng3 Qh4 14. c3 e6
15. Be3 Bd6 16. Ne2 O-O 17. Qd2 Qh5 18. O-O-O Qxf3 19. Rdg1 Ne4 20. Qe1 Kh8 21.
h4 Rab8 22. h5 b5 23. Bb3 h6 24. Bc2 b4 25. Bxe4 Qxe4 26. c4 a5 27. Qd2 a4 28.
f3 Qxf3 29. Bxh6 Rg8 1/2-1/2

[Event "ODEM U25B 2013"]
[Site "Oberhof GER"]
[Date "2013.05.24"]
[Round "8"]
[White "Mönster, Michel"]
[Black "Vuckovic, Robert"]
[Result "0-1"]
[Termination "normal"]
[Board "23"]
[WhiteElo "1310"]
[BlackElo "944"]
[PlyCount "134"]
[WhiteFideId "12947164"]
[BlackFideId "12998680"]
[EventCountry "GER"]
[EventRounds "9"]
[EventType "swiss"]
[EventDate "2013.05.18"]

1. e4 e6 2. d4 d5 3. exd5 exd5 4. c4 c6 5. Nc3 Be7 6. Nf3 Nf6 7. Be3 Be6 8. Qb3
Qc8 9. cxd5 cxd5 10. Rc1 O-O 11. Bd3 Nc6 12. Ne2 a6 13. Qc2 Nb4 14. Qb1 Nxd3+
15. Qxd3 Qd8 16. O-O Ne4 17. Nc3 Nxc3 18. Rxc3 Bd7 19. Qb1 Bb4 20. Rcc1 Bb5 21.
Rfd1 Be2 22. Ng5 f5 23. Ne6 Qe7 24. Nxf8 Rxf8 25. Kh1 Bxd1 26. Rxd1 Qf7 27. Bf4
Qf6 28. a3 Bd6 29. Bxd6 Qxd6 30. Qd3 Qf4 31. Kg1 Qe4 32. Qxe4 fxe4 33. Rc1 Re8
34. Kf1 Kf7 35. Ke2 Kf6 36. Rc7 b5 37. Rc6+ Re6 38. Rc5 Rd6 39. Ke3 Kf5 40. h3
h5 41. Rc8 g6 42. Re8 g5 43. Re5+ Kf6 44. h4 g4 45. Rxh5 Kg6 46. Rg5+ Kh6 47.
Kf4 Rf6+ 48. Rf5 Rxf5+ 49. Kxf5 g3 50. fxg3 e3 51. g4 e2 52. g5+ Kg7 53. h5
e1=Q 54. h6+ Kg8 55. g6 Qe4+ 56. Kf6 Qf4+ 57. Ke6 Qxh6 58. Kxd5 Qxg6 59. Kc5
Kf7 60. d5 Ke7 61. b4 Qf6 62. g4 Kd7 63. g5 Qc3+ 64. Kb6 Qc7+ 65. Kxa6 Qb8 66.
g6 Kc7 67. d6+ Kc6 0-1

[Event "ODEM U25B 2013"]
[Site "Oberhof GER"]
[Date "2013.05.24"]
[Round "8"]
[White "Lange, Cecilia"]
[Black "Binner, Jule"]
[Result "1/2-1/2"]
[Termination "normal"]
[Board "25"]
[WhiteElo "1116"]
[BlackElo "1274"]
[PlyCount "68"]
[WhiteFideId "12976040"]
[BlackFideId "16205332"]
[EventCountry "GER"]
[EventRounds "9"]
[EventType "swiss"]
[EventDate "2013.05.18"]

1. c4 e5 2. Nc3 g6 3. Nf3 Bg7 4. g3 Nc6 5. Bg2 f5 6. d3 Nf6 7. Bg5 O-O 8. Qd2
d6 9. a3 a5 10. Nd5 Be6 11. Nxf6+ Bxf6 12. Bxf6 Qxf6 13. Qg5 Qg7 14. Qd2 h6 15.
O-O Kh7 16. b4 axb4 17. axb4 Rxa1 18. Rxa1 f4 19. Rc1 fxg3 20. hxg3 Qd7 21. b5
Ne7 22. d4 exd4 23. Nxd4 c6 24. bxc6 bxc6 25. Nxe6 Qxe6 26. c5 d5 27. f3 Rb8
28. Kf2 Qf6 29. Qc2 Rb5 30. Bh3 Rb7 31. Qc3 Qf8 32. Qe5 Nc8 33. Bxc8 Qxc8 34.
Qd6 Rd7 1/2-1/2